000 00957naa a22002657a 4500
001 BR7000141
003 BR-BrBNA
005 20240918173355.0
007 ta
008 230509b bl.||||| |||| 00| 0 por d
040 _aBR-BrBNA
_bpor
_cBiblioteca Nacional de Agricultura
041 _a(En)
072 _aF25
090 _aF25 BR7000141
100 1 _aSurbar, J.H.
111 1 _aSeminario da Industria de Fertilizantes
_cSao Paulo, SP (Brazil)
_d25 Jun 1970
245 1 _aPotash mining and refining [Fertilizante potassico; Potassio]
260 3 _aSao Paulo, SP (Brasil):
_c1970.
500 _aAnais. Seminario da industria de fertilizantes Sao Paulo, SP (Brasil): 1970. p. 136-149 (BR7000141-AM)F25
650 _aFertilizante potassico
650 _aPotassio
773 0 _tAnais. Seminario da industria de fertilizantes
_wF25 BR7000141
_gSao Paulo, SP (Brasil), 1970. p. 136-149
909 _a202404
_bLucia
_c55
_dLucia Elande
942 _cAM
_2AGRIS
999 _c304256
_d304256